000
00242nam a2200097Ia 4500
001
679681
005
20250826161100.0
008
250824s9999 xx 000 0 und d
245
0
_a
KOCAMAN KALPLİ
_c
JO HOESTLAND
260
_b
GÜNIŞIĞI YAYINLARI
999
_c
679681
_d
679681